Pokémon - Attacken von Manaphy in KA/PU - Statistiken

Allgemein
  • Dieses Quiz wurde 2 mal gespielt
  • Das Durchschnittsergebnis liegt bei 28 aus 57
Antwortstatistiken
Antwort % Korrekt
Aquadurchstoß
100%
Aquaknarre
100%
Blizzard
100%
Delegator
100%
Eisstrahl
100%
Energieball
100%
Hydropumpe
100%
Hyperstrahl
100%
Kaskade
100%
Psychokinese
100%
Regentanz
100%
Schutzschild
100%
Schweifglanz
100%
Surfer
100%
Tera-Ausbruch
100%
Zauberschein
100%
Aquawelle
50%
Ausdauer
50%
Charme
50%
Eissturm
50%
Erholung
50%
Fassade
50%
Gedankengut
50%
Gigastoß
50%
Kalte Dusche
50%
Kehrtwende
50%
Lehmschelle
50%
Lockstimme
50%
Meteorologe
50%
Psycho-Plus
50%
Psystrahl
50%
Rollwende
50%
Säuselstimme
50%
Schlafrede
50%
Siedewasser
50%
Spukball
50%
Strauchler
50%
Wasserring
50%
Whirlpool
50%
Zen-Kopfstoß
50%
Abschlag
0%
Blubbstrahl
0%
Dunkelnebel
0%
Fähigkeitstausch
0%
Kraftvorrat
0%
Lichtschild
0%
Mutschub
0%
Rechte Hand
0%
Reflektor
0%
Säurepanzer
0%
Schleuder
0%
Stafette
0%
Statustausch
0%
Sternschauer
0%
Superschall
0%
Taucher
0%
Trugträne
0%
Keine übereinstimmenden Quizze gefunden
Verteilung der Resultate
Anzahl Personen mit jedem Resultat
Perzentil nach korrekt beantworteten Fragen
Ihre Resultats-Entwicklung
Sie haben dieses Quiz noch nicht gespielt